Lettres a M. Sainte-Beuve, académicien et sénateur, au sujet de ses idées philosophiques / (Record no. 164293)

MARC details
000 -LEADER
campo de control de longitud fija 00884nam a22002175i 4500
001 - NÚMERO DE CONTROL
campo de control 164293
003 - IDENTIFICADOR DE NÚMERO DE CONTROL
campo de control ES-MaACL
005 - FECHA Y HORA DE LA ÚLTIMA TRANSACCIÓN
campo de control 20251003180839.0
008 - DATOS DE LONGITUD FIJA--INFORMACIÓN GENERAL
campo de control de longitud fija 050728s1867 fr | |||||||| ||fre d
040 ## - FUENTE DE CATALOGACIÓN
Centro catalogador/agencia de origen CAM
Lengua de catalogación spa
Centro/agencia transcriptor CAM
080 ## - NÚMERO DE LA CLASIFICACIÓN DECIMAL UNIVERSAL
Número de la Clasificación Decimal Universal 215
100 1# - ENTRADA PRINCIPAL--NOMBRE DE PERSONA
Nombre de persona La Sagra, Ramón de,
Fechas asociadas al nombre 1798-1871
9 (RLIN) 101445
245 10 - MENCIÓN DEL TÍTULO
Título Lettres a M. Sainte-Beuve, académicien et sénateur, au sujet de ses idées philosophiques /
Mención de responsabilidad, etc. par Ramon de la Sagra.
260 ## - PUBLICACIÓN, DISTRIBUCIÓN, ETC.
Lugar de publicación, distribución, etc. Paris :
Nombre del editor, distribuidor, etc. chez Germer-Baillière, libraire-éditeur,
Fecha de publicación, distribución, etc. 1867 (
Fabricante Imp. Renou et Maulde)
300 ## - DESCRIPCIÓN FÍSICA
Extensión 24 p. ;
Dimensiones 22 cm.
595 ## -
-- Insérées dans les numéros du journal l'Union du 30 juillet, 13 et 20 août et 1er septembre 1867.
650 #7 - PUNTO DE ACCESO ADICIONAL DE MATERIA--TÉRMINO DE MATERIA
Término de materia o nombre geográfico como elemento de entrada Cristianismo y ciencia
Fuente del encabezamiento o término embne
9 (RLIN) 150357
700 1# - ENTRADA AGREGADA--NOMBRE PERSONAL
Nombre de persona Sainte-Beuve, Charles-Augustin,
Fechas asociadas al nombre 1804-1869
9 (RLIN) 162958
852 ## - LOCALIZACIÓN
Ubicación ES-MaACL
Número de control de estantería 1825-F-24
Nota libre -- Rúst.
Holdings
Estatus retirado Estado de pérdida Estado de daño No para préstamo Colección Biblioteca de origen Biblioteca actual Ubicación en estantería Fecha de adquisición Fuente de adquisición Total de préstamos Signatura topográfica completa Código de barras Visto por última vez Precio de reemplazo Tipo de ítem Koha
        Colección de folletos Biblioteca del Ateneo de Madrid Biblioteca del Ateneo de Madrid Depósito folletos 17/01/2008     1825-F-24 1172207 23/02/2023 23/02/2023 Folleto